| 000 | 00387cam a22001331 4500 | ||
|---|---|---|---|
| 082 |
_a621.381528 _bBEV _cL-11, P-55 |
||
| 100 | 1 |
_aBevitt, William Dealtry. _941605 |
|
| 245 | 1 | 0 | _aTransistors handbook. |
| 260 |
_aEnglewood Cliffs, N.J., _bPrentice-Hall, _c1956. |
||
| 300 | _axiv, 410 p. | ||
| 526 |
_a0 _b0 _c0 _d621_381528000000000_BEV |
||
| 650 | 0 |
_aTransistors. _941555 |
|
| 942 |
_2ddc _cBK |
||
| 999 |
_c545669 _d545669 |
||